| 000 | 00940cam a22002778a 4500 | ||
|---|---|---|---|
| 001 | 18361707 | ||
| 005 | 20201128021236.0 | ||
| 008 | 141105t2015 flua frb 001 0 eng c | ||
| 020 | _a9781482254006 (alk. paper) | ||
| 040 |
_aDLC _beng _cDLC _dEG-ScBUE |
||
| 082 | 0 | 4 |
_a621.4022 _222 _bHEA |
| 245 | 0 | 0 |
_aHeat transfer enhancement with nanofluids / _ceditor Vincenzo Bianco ... [et al.] |
| 260 |
_aBoca Raton : _bCRC Press / Taylor & Francis Group, _cc.2015. |
||
| 300 |
_axiv, 465 p. : _bill ; _c24 cm. |
||
| 500 | _aIndex : p. 455-465. | ||
| 504 | _aIncludes bibliographical references. | ||
| 650 | 7 |
_aHeat exchangers _xFluid dynamics. _2BUEsh _922991 |
|
| 650 | 7 |
_aHeat _xTransmission. _2BUEsh _93121 |
|
| 650 | 7 |
_aNanofluids. _2BUEsh _937833 |
|
| 650 | 7 |
_aMicrofluidics. _2BUEsh _937834 |
|
| 651 | _2BUEsh | ||
| 653 |
_bENGGEN _cMay2015 |
||
| 655 |
_vreading book _934232 |
||
| 700 | 1 |
_aBianco, Vincenzo, _eeditor. _937835 |
|
| 942 | _2ddc | ||
| 999 |
_c19272 _d19244 |
||